Logo BPK

Biblioteka

Politechniki Koszalińskiej

Handbook of ecotoxicology / (Rekord nr 32940)

Szczegóły MARC
000 -ETYKIETA REKORDU
podpole kontrolne o stałej długości 00703nam a2200229 i 4500
001 - NUMER KONTROLNY REKORDU
pole kontrolne bg
020 ## - MIĘDZYNARODOWY ZNORMALIZOWANY NUMER KSIĄŻKI - ISBN
ISBN 0873715853
040 ## - ŹRÓDŁO KATALOGOWANIA
Instytucja, która utworzyła rekord BPK
041 0# - KOD JĘZYKA
Kod języka tekstu en
080 ## - UNIWERSALNA KLASYFIKACJA DZIESIĘTNA - UKD
UKD 504.054:574:615.9
920 ## - Międzynarodowy znormalizowany numer książki – ISBN
ISBN 0-87371-585-3
008 - POLE O STAŁEJ DŁUGOŚCI - DANE KONTROLNE
podpole kontrolne o stałej długości s pl f |000 0 pol
245 00 - TYTUŁ/ODPOWIEDZIALNOŚĆ
Tytuł Handbook of ecotoxicology /
Pozostałe elementy strefy tytułu i oznaczenia odpowiedzialności David J. Hoffman [et al.].
260 ## - STREFA ADRESU WYDAWNICZEGO
Miejsce wydania Boca Raton [etc.] :
Nazwa wydawcy/dystrybutora Lewis,
Data publikacji, dystrybucji/powstania dokumentu cop. 1995.
300 ## - STREFA OPISU FIZYCZNEGO
Objętość X, 755 s. :
Inne cechy fizyczne 2 fot., mapy, rys., wykr. ;
Rozmiary 26 cm.
504 ## - UWAGA DOTYCZĄCA BIBLIOGRAFII
Informacje o bibliografii Bibliogr., summ. przy rozdz. - Indeks.
650 #9 - HASŁO PRZEDMIOTOWE W FORMIE NAZWY OGÓLNEJ LUB JEDNOSTKOWEJ
Nazwa ogólna lub geograficzna Środowisko człowieka
Określnik ogólny higiena
-- badanie
650 #9 - HASŁO PRZEDMIOTOWE W FORMIE NAZWY OGÓLNEJ LUB JEDNOSTKOWEJ
Nazwa ogólna lub geograficzna Toksykologia
Określnik ogólny zagadnienia
650 #9 - HASŁO PRZEDMIOTOWE W FORMIE NAZWY OGÓLNEJ LUB JEDNOSTKOWEJ
Nazwa ogólna lub geograficzna Ekologia
Określnik ogólny zagadnienia
700 1# - HASŁO DODATKOWE - NAZWA OSOBOWA
Nazwa osobowa HOFFMAN, David John
Daty związane z nazwą (1944- )
856 ## - LOKALIZACJA I DOSTĘP DO ELEKTRONICZNYCH DOKUMENTÓW ZDALNYCH
Link (URL) http://koha.tu.koszalin.pl/cgi-bin/koha/opac-detail.pl?biblionumber=32940
Tekst linku Katalog online BPK
942 ## - DODATKOWE ELEMENTY (KOHA)
Typ dokumentu Książka
Egzemplarze
Wycofany Status egzemplarza Uszkodzony Dostępność Lokalizacja stała Lokalizacja bieżąca Miejsce przechowywania Sygnatura Kod kreskowy Typ dokumentu
      Dostępny Biblioteka Politechniki Koszalińskiej Biblioteka Politechniki Koszalińskiej Wypożyczalnia BG 42588 01316568 Książka
© 2023 Biblioteka Politechniki Koszalińskiej :: KOHA